| 000 | 00793nam a2200205 a 4500 | ||
|---|---|---|---|
| 001 | 000045002 | ||
| 005 | 20201002045809.0 | ||
| 008 | 150128s1989 dr a 000 0 spa d | ||
| 040 |
_aDO-SdBNP _bspa _cBNPHU |
||
| 082 |
_axxxx _bxxxx |
||
| 100 | 1 |
_aTroncoso, Bolivar M., _d1950- _973011 |
|
| 245 | 1 | 0 |
_aRegiones geomorfológicas de la Isla Española o de Santo Domingo / _cBolivar M. Troncoso. |
| 250 | _a3 ed. | ||
| 260 |
_aSanto Domingo : _bUniversitaria-UASD, _c1989. |
||
| 300 |
_a80 p. : _bil., mapas. |
||
| 490 | 1 |
_aPublicaciones de la Universidad Autónoma de Santo Domingo _v3 |
|
| 500 | _aIncluye datos biográficos del autor en la solapa de la contracubierta. | ||
| 504 | _aBibliografía : p.79-80 | ||
| 830 | 0 |
_aPublicaciones de la Universidad Autónoma de Santo Domingo ; _n3 _973012 |
|
| 999 |
_c44491 _d44491 |
||